<?xml version="1.0" encoding="UTF-8"?>
<collection xmlns="http://www.loc.gov/MARC21/slim">
  <record>
    <leader>00000nam  2200000   4500</leader>
    <controlfield tag="001">INLIS000000000018008</controlfield>
    <controlfield tag="005">20240823110448</controlfield>
    <datafield tag="035" ind1="#" ind2="#">
      <subfield code="a">0010-0824000629</subfield>
    </datafield>
    <controlfield tag="007">ta</controlfield>
    <controlfield tag="008">240823################|##########|#|##</controlfield>
    <datafield tag="040" ind1="#" ind2="#">
      <subfield code="a">JKPKLAN</subfield>
      <subfield code="b">ind</subfield>
      <subfield code="e">rda</subfield>
    </datafield>
    <datafield tag="100" ind1=" " ind2="#">
      <subfield code="a">Wayan Toni Supriyanto,</subfield>
      <subfield code="d">1971-</subfield>
      <subfield code="e">penulis</subfield>
    </datafield>
    <datafield tag="245" ind1="1" ind2="#">
      <subfield code="a">Pengelolaan limbah elektronik pada industri telekomunikasi guna mengurangi dampak kerusakan lingkungan dan perubahan iklim /</subfield>
      <subfield code="c">Wayan Toni Supriyanto</subfield>
    </datafield>
    <datafield tag="300" ind1="#" ind2="#">
      <subfield code="a">xv, 115 halaman :</subfield>
      <subfield code="b">ilustrasi berwarna ;</subfield>
      <subfield code="c">28 cm</subfield>
    </datafield>
    <datafield tag="041" ind1="#" ind2="#">
      <subfield code="a">ind</subfield>
    </datafield>
    <datafield tag="082" ind1="#" ind2="#">
      <subfield code="a">363</subfield>
    </datafield>
    <datafield tag="084" ind1="#" ind2="#">
      <subfield code="a">363 WAY p</subfield>
    </datafield>
    <datafield tag="090" ind1="#" ind2="#">
      <subfield code="a">R 028 PIM II 2023</subfield>
    </datafield>
    <datafield tag="246" ind1="#" ind2="#">
      <subfield code="a">Laporan proyek perubahan</subfield>
    </datafield>
    <datafield tag="264" ind1="#" ind2="#">
      <subfield code="a">Jakarta :</subfield>
      <subfield code="b">Lembaga Administrasi Negara,</subfield>
      <subfield code="c">2023</subfield>
    </datafield>
    <datafield tag="336" ind1="#" ind2="#">
      <subfield code="a">citra diam</subfield>
      <subfield code="2">rdacontent</subfield>
    </datafield>
    <datafield tag="337" ind1="#" ind2="#">
      <subfield code="a">tanpa perantara</subfield>
      <subfield code="2">rdamedia</subfield>
    </datafield>
    <datafield tag="338" ind1="#" ind2="#">
      <subfield code="a">volume</subfield>
      <subfield code="2">rdacarrier</subfield>
    </datafield>
    <datafield tag="502" ind1="#" ind2="#">
      <subfield code="a">Laporan Proyek Perubahan, Pelatihan Kepemimpinan Nasional Tingkat II Angkatan VI. Lembaga Administrasi Negara RI, 2023</subfield>
    </datafield>
    <datafield tag="504" ind1="#" ind2="#">
      <subfield code="a">Termasuk bibliografi</subfield>
    </datafield>
    <datafield tag="520" ind1="#" ind2="#">
      <subfield code="a">Menjelaskan tentang pengolahan limbah yang dapat dilakukan oleh Kementerian Kominfountuk memonitoring kegiatan Limbah Industri elektronik Komunikasi</subfield>
    </datafield>
    <datafield tag="650" ind1="#" ind2="4">
      <subfield code="a">Limbah Pabrik</subfield>
    </datafield>
    <datafield tag="710" ind1=" " ind2="#">
      <subfield code="a">Lembaga Administrasi Negara</subfield>
    </datafield>
    <datafield tag="850" ind1="#" ind2="#">
      <subfield code="a">JKPKLAN</subfield>
    </datafield>
  </record>
</collection>
